| 000 | 00712nam a2200205Ia 4500 | ||
|---|---|---|---|
| 008 | 191130s2007##################000#0#eng## | ||
| 020 | _a9781843104773 | ||
| 040 |
_aACL _cACL |
||
| 082 | _a362 TUF | ||
| 100 | _aTufail, John | ||
| 245 |
_aListen up! speak up! the third book of speaking up : a plain text guide to advocacy _cJohn Tufail and Kate Lyon |
||
| 260 |
_aPhiladelphia _bJessica Kingsley Publishers _c2007 |
||
| 300 | _a53 p. : ill. (chiefly col.) ; 25 cm | ||
| 500 | _aOriginally published: New Zealand : People's Advocacy Network, 2005 | ||
| 650 | _aSocial services and problems | ||
| 700 | _aLyon, Kate | ||
| 990 | _a33c49b5aac10000c53bc2236727e95e9 | ||
| 991 | _a438946 | ||
| 999 |
_c233720 _d233720 |
||